Familias dominicanas / (Registro nro. 13605)

Detalles MARC
000 -LEADER
fixed length control field 00929nam a2200277 a 4500
001 - CONTROL NUMBER
control field
003 - CONTROL NUMBER IDENTIFIER
control field DO-SdBNP
005 - DATE AND TIME OF LATEST TRANSACTION
control field 20210723115908.0
008 - FIXED-LENGTH DATA ELEMENTS--GENERAL INFORMATION
fixed length control field 110330m1969 dr 001 0cspa d
040 ## - CATALOGING SOURCE
Original cataloging agency BPMSU
Language of cataloging spa
Transcribing agency BPMSU
082 ## - DEWEY DECIMAL CLASSIFICATION NUMBER
Classification number 929.2
Item number L333f 1967
Edition number 22
100 1# - MAIN ENTRY--PERSONAL NAME
Personal name Larrazábal Blanco, Carlos,
Dates associated with a name 1894-1989
245 10 - TITLE STATEMENT
Title Familias dominicanas /
Statement of responsibility, etc. Carlos Larrazábal Blanco ; introducción de Emilio Rodríguez Demorizi.
260 ## - PUBLICATION, DISTRIBUTION, ETC. (IMPRINT)
Place of publication, distribution, etc. Santo Domingo :
Name of publisher, distributor, etc. Del Caribe,
Date of publication, distribution, etc. 1967-
300 ## - PHYSICAL DESCRIPTION
Extent v. ;
Dimensions 22 cm.
490 0# - SERIES STATEMENT
Series statement Academia Dominicana de la Historia
Volume/sequential designation 2
500 ## - GENERAL NOTE
General note
590 ## - LOCAL NOTE (RLIN)
Local note Inventariado, 2021/VM
650 #4 - SUBJECT ADDED ENTRY--TOPICAL TERM
Topical term or geographic name as entry element Familia
Geographic subdivision República Dominicana
General subdivision Historia
650 #4 - SUBJECT ADDED ENTRY--TOPICAL TERM
Topical term or geographic name as entry element Parentesco
651 #4 - SUBJECT ADDED ENTRY--GEOGRAPHIC NAME
Geographic name República Dominicana
General subdivision Genealogía
700 ## - ADDED ENTRY--PERSONAL NAME
Personal name Rodríguez Demorizi, Emilio,
Dates associated with a name 1908-1986
Relator term introd.
710 2# - ADDED ENTRY--CORPORATE NAME
Corporate name or jurisdiction name as entry element Academia Dominicana de la Historia (República Dominicana)
910 ## - USER-OPTION DATA (OCLC)
User-option data VMateo V.
942 ## - ADDED ENTRY ELEMENTS (KOHA)
Source of classification or shelving scheme Dewey Decimal Classification
Koha item type Libros
Existencias
Withdrawn status Lost status Source of classification or shelving scheme Damaged status Not for loan Collection code Home library Current library Date acquired Source of acquisition Full call number Barcode Date last seen Copy number Price effective from Koha item type Public note
    Dewey Decimal Classification     Colección Dominicana Biblioteca Pública Metropolitana Salomé Ureña Biblioteca Pública Metropolitana Salomé Ureña 07/23/2021 Manuel Ortiz BPMSU 929.2 L333f 1967 BPMSU21070046 07/23/2021 v.2 07/23/2021 Libros